Normal view
MARC view
- Vaillencourt, Richard,
Entry Personal Name
001 - CONTROL NUMBER
- control field: 86889
003 - CONTROL NUMBER IDENTIFIER
- control field: NUST
005 - DATE AND TIME OF LATEST TRANSACTION
- control field: 20211221153537.0
008 - FIXED-LENGTH DATA ELEMENTS
- fixed length control field: 211221|| aca||aabn | a|a d
040 ## - CATALOGING SOURCE
- Original cataloging agency: NUST
- Transcribing agency: NUST
100 ## - HEADING--PERSONAL NAME
- Personal name: Vaillencourt, Richard,
- Dates associated with a name: 1951-
670 ## - SOURCE DATA FOUND
- Source citation: Work cat.: (NUST)32538: Vaillencourt, Richard, 1951-, Simple solutions to energy calculations /, c2008.
